Azimut : el teu primer llibre de muntanya / Joan Creu Irizar i Fonoll el teu primer llibre de muntanya / Joan Creu Irizar i Fonoll
Publicado:
Barcelona :
Generalitat de Catalunya, Departament de Presidència, Direcció General de l'Esport ,
1983
Descripción Física:
69 p. : il., col. ; 30 cm
Otros Autores:
Catalunya. Direcció General de l'Esport
Materias:
Excursionisme
MARC
| LEADER | 00000nam a2200000Ia 4500 | ||
|---|---|---|---|
| 001 | 1299 | ||
| 008 | 160829s1983 xx 000 0 cat d | ||
| 080 | |a P-1-8 | ||
| 100 | |a Irizar i Fonoll, Joan Creu |9 20492 | ||
| 245 | |a Azimut : |b el teu primer llibre de muntanya / Joan Creu Irizar i Fonoll | ||
| 260 | |a Barcelona : |b Generalitat de Catalunya, Departament de Presidència, Direcció General de l'Esport, |c 1983 | ||
| 300 | |a 69 p. : |b il., col. ; |c 30 cm | ||
| 650 | |a Excursionisme |9 49694 | ||
| 700 | |a Catalunya. Direcció General de l'Esport |9 35191 | ||
| 901 | |a Arxiu | ||
| 942 | |n 1 | ||
| 952 | |0 0 |1 0 |4 0 |6 P18 |7 1 |9 41560 |a Arxiu |b Arxiu |d 2016-12-01 |l 0 |o P-1-8 |p 1299 |r 2016-12-01 00:00:00 |w 2016-12-01 |y ARXIU | ||
| 999 | |c 43450 |d 43450 | ||